Industrial and distribution floorspace today (Record no. 118917)

MARC details
000 -LEADER
fixed length control field 01047camca22002415a 4500
001 - CONTROL NUMBER
control field L137822
008 - FIXED-LENGTH DATA ELEMENTS--GENERAL INFORMATION
fixed length control field 100920c2009 xxkfr ws ss 000 00eng d
035 ## - SYSTEM CONTROL NUMBER
System control number (Sirsi) u137822
041 0# - LANGUAGE CODE
Language code of text/sound track or separate title eng
110 2# - MAIN ENTRY--CORPORATE NAME
Corporate name or jurisdiction name as entry element King Sturge
9 (RLIN) 3877
245 00 - TITLE STATEMENT
Title Industrial and distribution floorspace today
Medium [electronic resource]
260 ## - PUBLICATION, DISTRIBUTION, ETC.
Place of publication, distribution, etc. London
Name of publisher, distributor, etc. King Sturge
Date of publication, distribution, etc. 2009-
362 0# - DATES OF PUBLICATION AND/OR SEQUENTIAL DESIGNATION
Dates of publication and/or sequential designation April 2009-
490 #0 - SERIES STATEMENT
Series statement Industrial and Distribution Floorspace Today
520 ## - SUMMARY, ETC.
Summary, etc. Discusses trends for regional markets, including availability, outlooks, speculative development pipeline and investment market performance. Reports the total level of available industrial floorspace across Great Britain.
554 ## -
-- Annual
650 24 - SUBJECT ADDED ENTRY--TOPICAL TERM
Topical term or geographic name entry element KING STURGE INDUSTRIAL AND DISTRIBUTION FLOORSPACE TODAY
651 #4 - SUBJECT ADDED ENTRY--GEOGRAPHIC NAME
Geographic name United Kingdom
Chronological subdivision
690 ## - LOCAL SUBJECT ADDED ENTRY--TOPICAL TERM (OCLC, RLIN)
Topical term or geographic name as entry element PROPERTY-INDUSTRIAL PROPERTY
690 ## - LOCAL SUBJECT ADDED ENTRY--TOPICAL TERM (OCLC, RLIN)
Topical term or geographic name as entry element PROPERTY-COMMERCIAL PROPERTY-COMMERCIAL PROPERTY MARKET
856 40 - ELECTRONIC LOCATION AND ACCESS
Uniform Resource Identifier <a href="https://www.kingsturge.co.uk/research.aspx">https://www.kingsturge.co.uk/research.aspx</a>
Public note View the item free of charge at www.kingsturge.co.uk
942 ## - ADDED ENTRY ELEMENTS (KOHA)
Suppress in OPAC 0
Holdings
Withdrawn status Lost status Source of classification or shelving scheme Damaged status Not for loan Home library Current library Shelving location Date acquired Total Checkouts Full call number Barcode Date last seen Copy number Price effective from Koha item type
    Dewey Decimal Classification     Virtual Virtual Online 02/05/2007   ONLINE PUBLICATION 137822-2001 06/08/2019 1 06/08/2019 Book